000 00441nam a2200145Ia 4500
008 231217s9999 xx 000 0 und d
041 _aEnglish
082 _a001.6424 HOP
100 _aHopcroft, John E Motwani, Rajeev Ullman, Jeffrey D
245 0 _aIntroduction to automata theory, languages and computation
260 _c2001
_bPearson
_aDelhi
300 _axiv+521
650 _aautomata,theory,,languages,computation
942 _cAA
999 _c176157
_d176157